Library of the University of Algiers 3
Ibrahim Sultan Cheibout
شعار جامعة الجزائر 3
مكتبة جامعة الجزائر 3
إبراهيم سلطان شيبوط

الاختبارات النفسية : (رقم التسجيلة. 42952)

تفاصيل مارك
000 -LEADER
fixed length control field 01128nam a2200205Ia 4500
003 - CONTROL NUMBER IDENTIFIER
control field Ost
005 - DATE AND TIME OF LATEST TRANSACTION
control field 20260507075113.0
008 - FIXED-LENGTH DATA ELEMENTS--GENERAL INFORMATION
fixed length control field 260507s9999||||xx |||||||||||||| ||und||
040 ## - CATALOGING SOURCE
Transcribing agency fsecg
041 ## - LANGUAGE CODE
Language code of text/sound track or separate title ara
082 ## - DEWEY DECIMAL CLASSIFICATION NUMBER
Classification number 100
100 ## - MAIN ENTRY--PERSONAL NAME
Personal name عباس، فيصل
Relator term مؤلف
245 #0 - TITLE STATEMENT
Title الاختبارات النفسية :
Remainder of title تقنياتها وإجراءاتها /
Statement of responsibility, etc. فيصل عباس
260 ## - PUBLICATION, DISTRIBUTION, ETC.
Place of publication, distribution, etc. بيروت:
Name of publisher, distributor, etc. دار الفكر العربي,
Date of publication, distribution, etc. 1996
300 ## - PHYSICAL DESCRIPTION
Extent 183 صفحة؛
Other physical details إيضاحات ؛
Dimensions 24 سم
504 ## - BIBLIOGRAPHY, ETC. NOTE
Bibliography, etc. note ببليوغرافيا:ص.191
520 ## - SUMMARY, ETC.
Summary, etc. القياس النفسي،الاختبار النفسي،خصائص وتقنيات الاختبار،إخصائي القياس النفسي والتشخيص النفسي،تطبيق الاختبار النفسي،التقويم النفسي والتربوي،رائز وكسلر للذكاء عند الراشدين،التنظيم العقلي عند بياجيه،اتجاهات حديثة في الذكاء التخلف العقلي،نموذج اختبار قياس القدرة المنطقية
653 ## - INDEX TERM--UNCONTROLLED
Uncontrolled term علم النفس
942 ## - ADDED ENTRY ELEMENTS (KOHA)
Koha item type كتب
المقتنيات
Withdrawn status Lost status Source of classification or shelving scheme Damaged status Not for loan Home library Current library Date acquired Serial enumeration / chronology Inventory number Total checkouts Full call number Barcode Date last seen Price effective from Koha item type
    Dewey Decimal Classification   NOT LOAN / إعارة داخلية مكتبة كلية العلوم الإقتصادية والعلوم التجارية وعلوم التسيير مكتبة كلية العلوم الإقتصادية والعلوم التجارية وعلوم التسيير 07/05/2026 الطابق الأرضي 1/1558   أ/1558ن1 1/1558 07/05/2026 07/05/2026 كتب

موارد الويب المفتوحة


© University of Algiers 3 All Rights Reserved
|
Implemented by LECHELAH Riad